000
00211nam a2200097Ia 4500
008
190216s9999||||xx |||||||||||||| ||und||
100
_a
George Thomas
245
0
_a
Rose
260
_b
Bhasha Institute
942
_c
BK
999
_c
39751
_d
39751